000
00280nam a22001217a 4500
008
170919b xxu||||| |||| 00| 0 eng d
041
_a
eng
080
_a
7
100
_a
44
101
_a
ART
245
_a
THE PAINTINGS OF JAMES SANFORD ELLSWORTH
_c
MITCHELL,L.B
942
_2
udc
_c
BK
999
_c
28204
_d
28204